Piłkarze FC Juventus - nagła śmierć - Statystyki

Ogólne statystyki
  • Ten quiz został rozwiązany 610 razy
  • Średni wynik to 16 z 22
Answers on the Grid
Answers color-coded by a green-red scale on the quiz's grid according to % correct below.
Cristiano Ronaldo
Robert Lewandowski
Wojciech Szczęsny
Giorgio Chiellini
Lionel Messi
Gianluigi Buffon
Erling Haaland
Paulo Dybala
Arkadiusz Milik
Mohamed Salah
Andrea Pirlo
Nicolò Barella
Zinédine Zidane
Ferran Torres
Joshua Kimmich
Zbigniew Boniek
Sergio Ramos
Álvaro Morata
Thiago Alcântara
Paul Pogba
Thierry Henry
Mario Balotelli
Ángel Di María
Xabi Alonso
Javier Zanetti
Kingsley Coman
Piotr Zieliński
Gonzalo Higuaín
Sergio Agüero
Fabio Cannavaro
Diego Godín
Paolo Maldini
Federico Chiesa
Wissam Ben Yedder
Dani Alves
Diego Forlán
Zlatan Ibrahimović
Gonçalo Ramos
Diego Maradona
Leonardo Bonucci
Jérôme Boateng
Gianluigi Donnarumma
Carlos Tevez
Dimityr Berbatow
Cody Gakpo
Patrice Evra
Marc Cucurella
Cafu
 
Statystyki odpowiedzi
Odpowiedź % Poprawnych
Cristiano Ronaldo
97%
Gianluigi Buffon
95%
Giorgio Chiellini
95%
Wojciech Szczęsny
95%
Arkadiusz Milik
93%
Paulo Dybala
93%
Andrea Pirlo
91%
Paul Pogba
85%
Zinédine Zidane
83%
Álvaro Morata
82%
Zbigniew Boniek
80%
Gonzalo Higuaín
71%
Leonardo Bonucci
70%
Federico Chiesa
67%
Ángel Di María
61%
Patrice Evra
59%
Carlos Tevez
57%
Zlatan Ibrahimović
56%
Fabio Cannavaro
55%
Dani Alves
51%
Kingsley Coman
50%
Thierry Henry
44%
Nie znaleziono quizów pasujących do podanych kryteriów
Rozkład punktacji
Procent ludzi z każdym wynikiem
Percentyl według liczby udzielonych odpowiedzi
Twoja historia wyników
Nie rozwiązałeś tego quizu